UM Logo

The Journal of Criminal Law & Criminology / (Record no. 23609)

MARC details
000 -LEADER
fixed length control field 00452nam a22001457a 4500
003 - CONTROL NUMBER IDENTIFIER
control field OSt
005 - DATE AND TIME OF LATEST TRANSACTION
control field 20250905112737.0
008 - FIXED-LENGTH DATA ELEMENTS--GENERAL INFORMATION
fixed length control field 250404b |||||||| |||| 00| 0 eng d
040 ## - CATALOGING SOURCE
Transcribing agency 0
082 ## - DEWEY DECIMAL CLASSIFICATION NUMBER
Classification number DPer 364.05 J826 Summer-Fall 2020 v. 110 n. 3-4
245 ## - TITLE STATEMENT
Title The Journal of Criminal Law & Criminology /
260 ## - PUBLICATION, DISTRIBUTION, ETC. (IMPRINT)
Place of publication, distribution, etc. Evanston;
Name of publisher, distributor, etc. Northwestern University Press,
Date of publication, distribution, etc. Summer-Fall 2020.
300 ## - PHYSICAL DESCRIPTION
Extent Volume 110, various paging :
Dimensions 26 cm.
942 ## - ADDED ENTRY ELEMENTS (KOHA)
Source of classification or shelving scheme Dewey Decimal Classification
Koha item type Periodicals
Holdings
Withdrawn status Lost status Source of classification or shelving scheme Damaged status Not for loan Collection code Home library Current library Date acquired Total Checkouts Full call number Date last seen Price effective from Koha item type Public note
    Dewey Decimal Classification     Periodicals UM Digos College - LIC UM Digos College - LIC 08/26/2024   DPer 364.05 J826 Summer-Fall 2020 v. 110 n. 3-4 04/04/2025 04/04/2025 Periodicals Bound Periodical